MDQL
is popping MORE tags! Check the
thread
!
Quizzes
Events
Quiz Creation
Community
Videos
Private Events
Remove Ads
Sign In
Join for FREE
Feedback
Dark Mode
Quiz Categories
Sports
Geography
Music
Movies
Television
Just For Fun
Miscellaneous
History
Literature
Language
Science
Gaming
Entertainment
Religion
Holiday
For Kids
Quiz Lab
Recent
Popular Today
Quiz Kudos Today
Editor Picks
Curator Picks
Quizzes by...
Day
Popularity
Type
Ratings
Length
Year
Community
Subscriptions
Recent Discussions
Orange Saloon
Badges
Playlists
Quests
Create
Leaderboards
Showdown
Live 5
Trivia Bingo
Activity
Puzzle Library
Sporcle Events
Private Events
Virtual Trivia
Globe League
Become a Host
Pub Owners
SporcleCon
Opinionation
Our Games
Videos
Blog
Mobile Apps
Partnerships
Remove Ads and Go Orange
Feedback
History
US Presidents
World Leaders
Politics
Nation
Discovery
War
Decade
Year
Century
Biography
Art
History
US Presidents
World Leaders
Politics
Nation
Discovery
War
Decade
Year
Century
Biography
Art
Random Quiz
Search Sporcle
×
Quiz Lab
Quiz Lab
History
Study
Type in answers that appear in a list
Type in answers that appear in a list
Classic
Best Score? Go Orange.
The Contagious Diseases Acts,1962-86 Stats
Depth study 3: The Contagious Diseases Acts,1962-86?
By
jpayne1503
10m
36 Questions
15 Plays
15 Plays
15 Plays
Comments
Comments
Give Quiz Kudos
Give Quiz Kudos
-
- Ratings
hide this ad
Forced Order
Answers have to be entered in order
Answers have to be entered in order
Replay
Link that replays current quiz
Next Quiz
Link to next quiz in quiz playlist
You Got
0%
They Got
Avg Score
25%
Avg Friend Score
Upgrade to see
Score Distribution
Jump to the score distribution portion of the page
Score
0/36
Timer
10:00
0
Plays Today
Question
Answer
% Correct
When was the first act passed?
1864
66.7%
There were many false what?
Accusations
46.7%
What was the name of the female singer who committed suicide in 1875?
Mrs Percy
46.7%
When were the second and third acts introduced?
1866 and 1869
46.7%
Irregular what meant that many victorian women turned to prostitution?
Work
40%
Women could not survive on what?
Meagre earnings
33.3%
When was the committee of inquiry?
1862
33.3%
When were the acts repealed?
1886
33.3%
How was the speculum described?
Highly invasive
26.7%
What was there a high degree of in the Crimean war?
Venereal disease
26.7%
Who worked alongside Wolstenholme as the head the LNA?
Josephine Butler
26.7%
Butler had been very active in the abolition of what?
Slavery
26.7%
When did the liberals return to government?
1880
26.7%
When were compulsory examinations suspended?
1883
26.7%
Who argued for more regulation of prostitutes?
John Liddell
20%
What towns were covered?
Military
20%
Who was the first person to campaign for the repeal of the acts?
Elizabeth Wolstenholme
20%
What was also formed later that year?
LNA
20%
Question
Answer
% Correct
What were the government and public not used to?
Women speaking publicly
20%
How many meetings did Butler address in her first year/
99
20%
Who was Butler hostile to?
Social and political elite
20%
What were organised in the year 1872-
73?
Regional electoral leagues
20%
What were the two main electoral leagues?
Northern counties league and midlands electoral league
20%
Who led the NCL?
Henry Wilson
20%
Who did Wilson cultivate the support of?
Liberal Party
20%
How many petitions were sent to the government between 1870 and 1886?
18,000
20%
What was the name of the LNA newspaper?
The Shield
20%
What were regularly introduced into parliament?
Private members bills
20%
When were the liberals defeated in a general election?
1874
20%
Who was relieved of his duties as Cabinet minister?
James Stansfeld
20%
Who took note because of his high profile and political experience?
The press
20%
What did Stansfeld decide to base more of the repeal campaign on?
Stats
20%
What did Stansfeld also encourage the formation of?
National Medical association
20%
What was the most successful tactic?
Challenging liberal candidates
13.3%
What was formed in 1869?
National Association for Repeal of the Contagious Diseased Acts
0%
What was formed in 1875?
Working mens national league
0%
Quiz Playlist
Details
Report
Send in Message
Add To Playlist
Classic:
Type in answers that appear in a list
Forced Order:
Answers have to be entered in order
Last Updated: Jun 22, 2017
Quiz Scoreboard
CHALLENGE
Sign Up to Join the Scoreboard
Show All
Scores
Hide
Comments
May contain spoilers
Recently Published
1-10 Letter E Words III
by El_Dandy
Language
2m
Street Fighter Characters
by Artimus82
Gaming
60s
College Basketball Coaching Resumes
by pancakes188
Sports
9m
More to Explore
Quiz From the Vault
Featured Blog Post
Where Did the Easter Bunny Come From?
hide this ad
You Might Also Like...
Tags
Act
depth
disease
Study
Today's Top Quizzes in History
Browse History
hide this ad
Today's Top Quizzes in Study
Browse Study
Top Contributed Quizzes in History
1
Popular People in 1991
2
Popular People in 1981
3
Popular People in 1951
4
Popular People in 1941
5
Popular People in 1986
6
Popular People in 1976
7
Popular People in 1921
8
5-to-1: 20th Century Images of War
9
I Am Born On March 28th
10
Popular People in 1946
Explore More
Trending Topics
Kpop
Anime
Disney
NBA
Harry Potter
Marvel
Crossword
Pokémon
Puzzle
WWE
Country
NFL
Song
The Office
Soccer
hide this ad
More By:
jpayne1503
Quiz
Plays
Rating
Category
Featured
Created
The Fall of the USSR
205
1.43
History
Apr 27, 2017
Mao's China- Establishing Communist Rule
154
History
May 7, 2017
A level AQA Geography: Plate Movement
101
Geography
May 3, 2017
AQA A Level Geography: Vulcanicity
97
5.00
Geography
May 15, 2017
AQA A Level Geography: Seismicity
87
2.50
Geography
May 16, 2017
Go to Creator's Profile
Score Distribution
Quiz Creator Spotlight
jpayne1503
Follow
Send a Message
Quizzes Created
-
Created Quiz Play Count
-
More By This Creator
Popular Quizzes Today
1
Find the US States - No Outlines Minefield
2
Find the Countries of Europe - No Outlines Minefield
3
The Countries of the World
4
Find the US States
5
Risky Map Clicking: Biggest States A-Z
6
US States
7
Popular People in 1961
8
Movies - When Are They Set?
More History Quizzes
UK Prime Ministers Venn Diagram
Published
Trending Quizzes
Risky Map Clicking: Least Populous States A-Z
1-10 Letter G Words
USA Borders Longest to Shortest
1-10 Letter F Words
Countries of the World: 200 Million BC
Recently Updated
Leaping Animals
pecheneg
Reality TV Shows (A-Z)
bhenderson79
Rickey Henderson's Hall of Fame Teammates
pecheneg
Champions League XIs: Arsenal
pecheneg
Quick Pick: Celebrities in WWE's Hall of Fame
aduchscher
A-Z Keypad Blitz II
pecheneg
Multiple Oscar Actors
pecheneg
Mystery Phrase Blitz: Oscar 'Best Actors'
pecheneg
F. Scott Fitzgerald Novels
LTH
Pick 3 Villains
ddd62291
Trending Topics
Crossword
Kpop
Marvel
Disney
Harry Potter
NBA
Anime
WWE
Pokémon
NFL
Country
Puzzle
Song
The Office
Soccer
Your Account Isn't Verified!
In order to create a playlist on Sporcle, you need to verify the email address you used during registration. Go to your
Sporcle Settings
to finish the process.
Report this User
Report this user for behavior that violates our
Community Guidelines
.
Details:
Send Report
Go to the Sporcle.com Mobile Site →
Comments